|
|
|
|
| LEADER |
00000cam a2200000 7i4500 |
| 001 |
0000002141 |
| 005 |
20021127.0 |
| 090 |
0 |
0 |
|a R555.95112
|b COU 1974
|
| 100 |
1 |
0 |
|a COURTIER
|h D. B.
|
| 245 |
1 |
0 |
|a Geology and mineral resources of the neighbourhood of Kulim, Kedah
|c by D. B. Courter
|
| 260 |
0 |
0 |
|a Ipoh, Perak :
|b Geological Survey Department ,
|c 1974
|
| 300 |
|
|
|a [50] p. :
|b ill., maps ;
|c 25 cm.
|
| 440 |
0 |
0 |
|a Geological survey map bulletin; 3
|
| 650 |
0 |
0 |
|a Geology
|z Kedah
|
| 650 |
0 |
0 |
|a Mines and mineral resources
|z Kedah
|
| 710 |
1 |
1 |
|a Malaysia ,
|c Ministry of Primary Industries
|
| 998 |
|
|
|a JPSM
|
| 999 |
|
|
|a 0000003550
|b Monograph
|c Reference
|e Default branch
|